भारत के प्रतापी सम्राट/ (Record no. 200591)

MARC details
000 -LEADER
fixed length control field 00794nam a22001937a 4500
005 - DATE AND TIME OF LATEST TRANSACTION
control field 20240209105324.0
010 ## - LCCN (DPL NO)
LC control number HIN-126843
020 ## - INTERNATIONAL STANDARD BOOK NUMBER
International Standard Book Number 9789390825004
Terms of availability 450.00
035 ## - SYSTEM CONTROL NUMBER
System control number HN-99189
037 ## - SOURCE OF ACQUISITION
Source of stock number/acquisition DBAD/PUB
082 ## - DEWEY DECIMAL CLASSIFICATION NUMBER
Classification number 920
100 ## - MAIN ENTRY--PERSONAL NAME
Personal name गुप्त,परशुराम
245 ## - TITLE STATEMENT
Title भारत के प्रतापी सम्राट/
Statement of responsibility, etc परशुराम गुप्त
250 ## - EDITION STATEMENT
Edition statement 1
260 ## - PUBLICATION, DISTRIBUTION, ETC. (IMPRINT)
Place of publication, distribution, etc नई दिल्ली
Name of publisher, distributor, etc विद्या विकास एकेडेमी
Date of publication, distribution, etc 2022
270 ## - ADDRESS
Address 3637 नेताजी सुभाष मार्ग दरियागंज
City नई दिल्ली
Postal code 110002
300 ## - PHYSICAL DESCRIPTION
Extent 192पृ.
Dimensions 22सेमी. (सजिल्द)
942 ## - ADDED ENTRY ELEMENTS (KOHA)
Source of classification or shelving scheme Dewey Decimal Classification
Item type Hindi Books
Classification part 920
Call number suffix गुप्तप
Holdings
Withdrawn status Lost status Not for loan Collection code Home library Current library Date acquired Source of acquisition Cost, normal purchase price Full call number Barcode Copy number Cost, replacement price Koha item type
      Non-fiction Tri Nagar Tri Nagar 09/02/2024 DBAD/PUB 450.00 920 गुप्तप HN-99189 1 450.00 Hindi Books

© Delhi Public Library
Hit Counter
free hit counter